VI SEP : Sistema Edificio Sede para la Vicerrectoría de Investigación y Sistema de Estudios de Posgrado
Gespeichert in:
| 1. Verfasser: | |
|---|---|
| Weitere Verfasser: | |
| Format: | Buch |
| Sprache: | Spanish |
| Veröffentlicht: |
[San José, Costa Rica]
2011.
|
| Schlagworte: | |
| Tags: |
Tag hinzufügen
Keine Tags, Fügen Sie den ersten Tag hinzu!
|
MARC
| LEADER | 00000nam a2200000Ia 4500 | ||
|---|---|---|---|
| 003 | EA0005 | ||
| 005 | 20230208142644.0 | ||
| 008 | 140114s2011 cr a 000 ||spa d | ||
| 040 | |c cru CEDI | ||
| 090 | |a TFG EA-005 | ||
| 100 | |a Morgan Serrato, Sergio Andrés |9 19915 | ||
| 245 | |a VI SEP : Sistema Edificio Sede para la Vicerrectoría de Investigación y Sistema de Estudios de Posgrado | ||
| 260 | |a [San José, Costa Rica] |c 2011. | ||
| 500 | |a Proyecto de graduación (licenciatura en arquitectura)--Universidad de Costa Rica. Escuela de Arquitectura | ||
| 501 | |a Director de Proyecto de Graduación: Arq. Jafet Segura Amador, Dr | ||
| 648 | |x UNIVERSIDAD DE COSTA RICA. VICERRECTORIA DE INVESTIGACION |x UNIVERSIDAD DE COSTA RICA. SISTEMA DE ESTUDIOS DE POSGRADO |x DISEÑO ARQUITECTONICO |x EDIFICIOS UNIVERSITARIOS |x DISEÑOS Y PLANOS |x URBANISMO |9 19916 | ||
| 700 | |9 67 |a Segura Amador, Jafet Guillermo, 1960- |d Director del TFG | ||
| 942 | |c CEDI | ||
| 999 | |c 14536 |d 14536 | ||
